| 000 | 00789cam a22002295a 4500 | ||
|---|---|---|---|
| 003 | OSt | ||
| 005 | 20150826153808.0 | ||
| 008 | 090803t xxu||||| |||| 00| 0 eng d | ||
| 020 | _a9770192686 | ||
| 040 |
_aEG-ScBUE _bara _cEG-ScBUE |
||
| 082 | 0 | 4 |
_a297.63 ا _bا ل ع _222 |
| 100 |
_aالعقاد ، عباس محمود _913656 |
||
| 245 | 1 | 0 |
_aعبقرية محمد صلى الله عليه وسلم / _cعباس محمود العقاد |
| 260 |
_aالقاهرة : _bالهيئة المصرية العامة للكتاب ، _c2004. |
||
| 300 |
_a205 ؛ ص _c17 سم. |
||
| 490 | _aمكتبة الأسرة | ||
| 590 | _adoaa mohamed | ||
| 650 |
_913450 _aالسيرة النبوية _2BUEsh |
||
| 651 | _2BUEsh | ||
| 653 |
_bARALIT _cAugust2015 |
||
| 942 |
_2ddc _cBB _k297.63 ا ل ع |
||
| 999 |
_c12508 _d12508 |
||